Statistics for Oldest Men in the Bible

Click here to take the quiz!

General Stats

  • This quiz has been taken 66 times
  • The average score is 8 of 16

Answer Stats

AgeClueName% Correct
950Made an ArkNoah
98%
930Made from the DustAdam
82%
912Brother of Cain and AbelSeth
80%
147IsraelJacob
79%
180Prepared as a Sacrifice by his FatherIsaac
71%
120Prince of EgyptMoses
70%
175Everyone's DescendantAbraham
68%
969Oldest Man in the BibleMethuselah
63%
600Noah's SonShem
61%
365Walked with GodEnoch
55%
777Noah's FatherLamech
21%
905Grandson of Adam and EveEnosh
20%
910Great Grandson of Adam and EveKenan
18%
205Abraham's FatherTerach
18%
895Son of KenanMahalalel
7%
962Enoch's FatherYered
0%

Score Distribution

Percentile by Number Answered

Percent of People with Each Score

Your Score History

You have not taken this quiz